Keep Ya Head Up - 2Pac - All Lyrics - Statistics

General Stats
  • This quiz has been taken 59 times
  • The average score is 585 of 845
Answer Stats
Answer % Correct
I
95%
the
95%
a
93%
Ayo,
93%
he
93%
He
93%
head
93%
huh
93%
huh,
93%
keep
93%
(Keep
93%
(Keep-keep
93%
(Oh)
93%
(Oh,
93%
(Oh-oh,
93%
(Oh-oh)
93%
Ooh,
93%
uh,
93%
up
93%
up,
93%
up?
93%
up)
93%
yeah,
93%
yeah)
93%
(Yeah,
93%
(Yeah)
93%
yeah-yeah)
93%
you
93%
you,
93%
(You
93%
You
93%
be
91%
Gaye
91%
to
91%
we
91%
We
91%
no
89%
no,
89%
no)
89%
women
89%
women,
89%
women?
89%
do
86%
Got
86%
got
86%
So
86%
so
86%
When
86%
when
86%
your
86%
And,
84%
And
84%
and
84%
baby
84%
can
84%
get
84%
me
84%
me,
84%
on
84%
our
84%
right
84%
then
84%
why
84%
Why
84%
(Why?
84%
Why?
84%
Why?)
84%
ya
84%
can't
82%
for
82%
it
82%
It
82%
it,
82%
know
82%
know,
82%
make
82%
men
82%
say
82%
tell
82%
where
82%
babies
80%
ladies,
80%
ladies
80%
man
80%
man,
80%
will
80%
woman
80%
all
77%
from
77%
it's
77%
It's
77%
real
77%
time
77%
Time
77%
But
75%
but
75%
But,
75%
don't
75%
don't,
75%
hate
75%
heal
75%
kinda
75%
mo'
75%
one
75%
black
73%
has
73%
if
73%
love
73%
of
73%
rape
73%
take
73%
that
73%
they
73%
They
73%
thing
73%
are
70%
gonna
70%
have
70%
see
70%
things
70%
think
70%
we'll
70%
wonder
70%
you're
70%
You're
70%
ain't
68%
came
68%
create
68%
juice
68%
my
68%
name
68%
blacker
66%
brother
66%
curfew
66%
fed
66%
is
66%
mother
66%
since
66%
sweeter
66%
care
64%
deeper
64%
down
64%
should
64%
was
64%
child,
61%
darker
61%
'em
61%
leave
61%
Marvin
61%
race
61%
roots
61%
try
61%
believe
59%
berry,
59%
give
59%
had
59%
him
59%
him)
59%
in
59%
just
59%
let
59%
like
59%
need
59%
nobody
59%
Some
59%
what
59%
beat
57%
come
57%
girl,
57%
kill
57%
mama
57%
2Pac
55%
bright
55%
else
55%
feelin'
55%
her
55%
how
55%
lot
55%
She
55%
sing
55%
easier
52%
game
52%
learn
52%
life
52%
never
52%
nothin',
52%
nothin'
52%
out
52%
sister,
52%
this
52%
tough
52%
used
52%
welfare
52%
with
52%
brighter
50%
flesh,
50%
hard
50%
I'm
50%
please
50%
please,
50%
raise
50%
sisters
50%
though
50%
by
48%
call
48%
'Cause,
48%
'cause
48%
'Cause
48%
forget,
48%
his
48%
holla
48%
remember
48%
rough,
48%
rough
48%
seem
48%
son
48%
tells
48%
too
48%
tryin'
48%
want
48%
world,
48%
world
48%
always
45%
around
45%
block,
45%
brothers
45%
cares
45%
feed
45%
makes
45%
money
45%
now
45%
alone
43%
clown
43%
crack
43%
daddy
43%
dry
43%
even
43%
eyes,
43%
gettin'
43%
left
43%
than
43%
wars,
43%
young
43%
back
41%
cry,
41%
did,
41%
didn't
41%
gave
41%
havin'
41%
or
41%
poor
41%
stand
41%
blame
39%
enough
39%
ghetto
39%
gone
39%
kids
39%
more
39%
really
39%
seems
39%
wants
39%
couldn't
36%
Forgive,
36%
gas
36%
hand,
36%
own
36%
pours
36%
rains
36%
still
36%
two
36%
without
36%
worse
36%
crazy,
34%
deal
34%
dollar
34%
dream
34%
end,
34%
funny,
34%
hell
34%
into
34%
night,
34%
smoke
34%
there's
34%
they're
34%
unhappy?
34%
broke
32%
cold
32%
conquer
32%
family
32%
find
32%
given
32%
hope
32%
insanity
32%
Last
32%
lost
32%
many
32%
pay
32%
price
32%
realize
32%
rich
32%
son's
32%
suddenly
32%
things'll
32%
turnin'
32%
Because
30%
cents
30%
crew
30%
dealt
30%
fall,
30%
fall
30%
friends,
30%
friends
30%
future
30%
hold
30%
I'd
30%
lonesome
30%
long
30%
mic
30%
nearly
30%
older
30%
older,
30%
rent
30%
rules
30%
Said
30%
tears
30%
Thank
30%
truth
30%
whole
30%
Benz
27%
drivin'
27%
fifteen
27%
legit
27%
local
27%
Lord
27%
paid
27%
pappy
27%
shoulders
27%
wet
27%
While
27%
wind
27%
blowin'
25%
complain,
25%
Daddy's
25%
helpless
25%
inside,
25%
meant
25%
screen
25%
set-up
25%
sure
25%
survive
25%
week
25%
youth
25%
buddy
23%
Dyin'
23%
fact,
23%
it'll
23%
lookin'
23%
outside
23%
pipe
23%
rock
23%
cheeks
20%
hopin'
20%
Ran
20%
rollin'
20%
survivin'
20%
tall
20%
steady,
18%
fearless
16%
about
14%
headin'
14%
rain'll
14%
pen'
9%
huffed
7%
puffed
7%
No matching quizzes found
Score Distribution
Percent of People with Each Score
Percentile by Number Answered
Your Score History
You have not taken this quiz